000 00353nam a2200133Ia 4500
008 240624s9999 xx 000 0 und d
041 _aeng
082 _a338.76 LIN
100 _aLINZMAYER OWEN W
245 _aAPPLE CONFIDENTIAL 2 0 THE DEFINITIVE HI
260 _c2004
_aSan Francisco
_bNo Starch Press
300 _a344 , p. , 25 , cm.
365 _c
_b15
999 _c7803
_d7803